Southville International School and Colleges
Your cart is empty.
  • Cart
  • Lists
    Public lists Eva Luna New books Lux_list list_1
    Your lists Log in to create your own lists
  • Log in to your account
  • Your cookies
  • Search history
Southville International School and Colleges
  • Advanced search
  • Recent comments
  • Most popular
  • Libraries

Log in to your account

Log in with GOOGLE


If you do not have an external account, but do have a local account, you can still log in:

  1. Home
  2. MARC view: Trade show and event marketing :
Normal view MARC view ISBD view

Trade show and event marketing : (Record no. 22845)

[ view plain ]
MARC details
000 -LEADER
fixed length control field 00602nam a2200193 a 4500
005 - DATE AND TIME OF LATEST TRANSACTION
control field 20140310183435.0
008 - FIXED-LENGTH DATA ELEMENTS--GENERAL INFORMATION
fixed length control field 080130s19uu xx 00 eng d
020 ## - INTERNATIONAL STANDARD BOOK NUMBER
International Standard Book Number 0324206240
050 ## - LIBRARY OF CONGRESS CALL NUMBER
Classification number T 396
Item number .St735 2005
100 ## - MAIN ENTRY--PERSONAL NAME
Personal name Stevens, Ruth P.
245 ## - TITLE STATEMENT
Title Trade show and event marketing :
Remainder of title plan, promote, and profit. /
260 ## - PUBLICATION, DISTRIBUTION, ETC. (IMPRINT)
Place of publication, distribution, etc Australia :
Name of publisher, distributor, etc Thomson,
Date of publication, distribution, etc 2005
300 ## - PHYSICAL DESCRIPTION
Extent 340 p. :
Other physical details ill. ;
Dimensions 24 cm.
521 ## - TARGET AUDIENCE NOTE
Target audience note
650 ## - SUBJECT ADDED ENTRY--TOPICAL TERM
Topical term or geographic name as entry element Trade shows
General subdivision Handbooks, manuals, etc.
650 ## - SUBJECT ADDED ENTRY--TOPICAL TERM
Topical term or geographic name as entry element Congresses and conventions
General subdivision Planning
-- Handbooks, manuals, etc.
942 ## - ADDED ENTRY ELEMENTS (KOHA)
Koha item type Books
Source of classification or shelving scheme Library of Congress Classification
Call number prefix Foreign
Holdings
Withdrawn status Lost status Source of classification or shelving scheme Damaged status Home library Current library Shelving location Date acquired Total Checkouts Full call number Barcode Date last seen Copy number Price effective from Koha item type
    Library of Congress Classification   College Library College Library General Circulation Section 01/20/2014   T 396 .St735 2005 C9095 05/15/2018 1 01/20/2014 Books

Trade show and event marketing :

APA

Stevens R. P., . (2005). Trade show and event marketing. Australia: Thomson.

Chicago

Stevens Ruth P, . 2005. Trade show and event marketing. Australia: Thomson.

Harvard

Stevens R. P., . (2005). Trade show and event marketing. Australia: Thomson.

MLA

Stevens Ruth P, . Trade show and event marketing. Australia: Thomson. 2005.

  • Place hold
  • Print
  • Cite
  • Add to your cart (remove)
  • Save record
    BIBTEX Dublin Core MARCXML MARC (non-Unicode/MARC-8) MARC (Unicode/UTF-8) MARC (Unicode/UTF-8, Standard) MODS (XML) RIS
  • More searches
    Search for this title in:
    Other Libraries (WorldCat) Other Databases (Google Scholar) Online Stores (Bookfinder.com) Open Library (openlibrary.org)

Exporting to Dublin Core...

SOUTHVILLE LIBRARY

Southville International School and Colleges Library

1281 Tropical Ave. Cor. Luxembourg St., BF Homes International, Las Pinas City

Tel. No. 8256374 / 252358 Loc. 117/146

Powered by Koha